| 000 | 00939nas a2200289 4500 | ||
|---|---|---|---|
| 001 | BR2023000205 | ||
| 003 | BR-BrBNA | ||
| 005 | 20231205132332.0 | ||
| 007 | ta | ||
| 008 | 230509b bl.|||p| |||| 00| 00por d | ||
| 040 |
_aBR-BrBNA _bpor _cBiblioteca Nacional de Agricultura |
||
| 041 | _a(En) | ||
| 072 | _aF04; F01 | ||
| 100 | 1 | _aCastro, C. da S. | |
| 100 | 1 | _aLobo, U.G.M. | |
| 100 | 1 | _aRodrigues, L.M. | |
| 100 | 1 | _aBackes, C. | |
| 100 | 1 | _aSantos, A.J.M. | |
| 245 | 1 | _aEficiência de utilização de adubação orgânica em forrageiras tropicais | |
| 650 | _aGRAMÍNEA FORRAGEIRA | ||
| 650 | _aADUBO ORGÂNICO | ||
| 650 | _aPASTAGEM | ||
| 773 | 0 |
_tRevista de Agricultura Neotropical (Brazil) _xISSN 2358-6303 _g(Oct-Dec 2016), v. 3(4) p. 48-54 _wBR2023000205 |
|
| 856 | 4 | 0 | _uhttps://periodicosonline.uems.br/index.php/agrineo/article/view/1144/1141 |
| 909 |
_a202311 _bLúcia _c55 _dLúcia Elande |
||
| 942 |
_2AGRIS _n0 _cANA |
||
| 999 |
_c259774 _d259774 |
||